000 00492nam a2200169Ia 4500
008 240729s9999 xx 000 0 und d
022 _a1080-6059
245 0 _aEmerging Infectious Diseases
260 _aUnited States
260 _bCenters for Disease Control and Prevention
650 _a Infectious and parasitic diseases
650 _a Internal medicine
650 _aMedicine
856 _uhttps://doaj.org/toc/bfd07318af07415dbc88f32a7b5348ee
942 _2ddc
942 _cDOAJEJ
999 _c67127
_d67127
945 _a1
_bMadushi Gamage
_c1
_dMadushi Gamage